| 000 | 01037nam a22002417a 4500 | ||
|---|---|---|---|
| 005 | 20240530110528.0 | ||
| 008 | 160310s2013 ua g b 000 0 ara d | ||
| 017 |
_a2012/1976 _bمصر . دار الكتب المصرية |
||
| 020 | _a9789774102700 | ||
| 040 | _aEG-CaGPL | ||
| 082 | 0 | 4 |
_221 _a302.2309569\ _bع إ |
| 100 | 0 | _aعبدالهادى احمد النجار | |
| 245 | 1 | 2 |
_aالاعلام الاسرائيلى فى افريقيا بين الطموح و المواجهة / _cعبدالهادى احمد النجار |
| 250 | _aط1 | ||
| 260 |
_aالقاهرة : _bالمكتبة العصرية للنشر و التوزيع ، _c2013 . |
||
| 300 |
_a286 ص ؛ _c24 سم . |
||
| 504 | _aيشتمل على ارجاعات ببليوجرافية | ||
| 650 | 0 | 4 |
_aالاعلام _zاسرائيل |
| 651 | 0 | 4 |
_2اسرائيل _xالعلاقات الخارجية _zافريقيا |
| 651 | 0 | 4 |
_aافريقيا _xالعلاقات الخارجية _zاسرائيل |
| 942 |
_2ddc _cBK |
||
| 999 |
_c62040 _d62040 |
||